降水量ランキング(1日) - Statistics

General Stats
  • This quiz has been taken 10 times
  • The average score is 4 of 20
Answer Stats
順位 都道府県 地点 観測値 現在観測を実施 % Correct
1 神奈川県 箱根 922.5 2019年10月12日
78%
4 三重県 尾鷲 806.0 1968年9月26日
56%
2 高知県 魚梁瀬 851.5 2011年7月19日
22%
13 宮崎県 神門 694.5 2022年9月18日
22%
18 徳島県 福原旭 641.5 2011年7月19日
22%
20 沖縄県 多良間 629 1988年4月28日
22%
3 奈良県 日出岳 844 1982年8月1日
11%
5 香川県 内海 790 1976年9月11日
11%
6 沖縄県 与那国島 765.0 2008年9月13日
11%
7 三重県 宮川 764.0 2011年7月19日
11%
8 愛媛県 成就社 757 2005年9月6日
11%
9 高知県 繁藤 735 1998年9月24日
11%
10 徳島県 剣山 726.0 1976年9月11日
11%
12 高知県 本川 713 2005年9月6日
11%
14 静岡県 湯ケ島 689.5 2019年10月12日
11%
15 和歌山県 色川 672 2001年8月21日
11%
16 奈良県 上北山 661.0 2011年9月3日
11%
19 埼玉県 浦山 635.0 2019年10月12日
11%
11 宮崎県 えびの高原 715 1996年7月18日
0%
17 高知県 池川 644 2005年9月6日
0%
No matching quizzes found
Score Distribution
Percent of People with Each Score
Percentile by Number Answered
Your Score History
You have not taken this quiz